Liedtext - Verlieben,verloren,vergessen,verzeihn - Wolfgang Petry - Statistiken

Allgemein
  • Dieses Quiz wurde 70 mal gespielt
  • Das Durchschnittsergebnis liegt bei 19 aus 26
Antwortstatistiken
Textquiz Textquiz Textquiz Textquiz Textquiz Textquiz Textquiz Textquiz % Korrekt
vieles Verdammt alles braucht glücklich doch dich Verlieben
97%
gingst du es meinem liebst ist verzeihn ich
94%
mir nen spät rum halt zu war ich
94%
keiner doch dich war hatte ohne spät ich
94%
Auf ich was sehr bin alles jetzt vergessen
94%
krumm bin alles dich Verdammt alles leben verloren
94%
war hatte ohne da ich aber zu war
90%
da Ich aber einmal frei zählt es Verdammt
89%
einmal frei zählt Auf ich was ist verzeihn
87%
von halt zu Bett du es Verdammt frei
73%
Du liebst ist auf jetzt jetzt vergessen bin
71%
Stunde mein vergessen Kneipe und verloren Verdammt alles
68%
Es Herz verzeihn hinter mein vergessen bin alles
68%
Null Verlieben glücklich Kopf zu ich hatte ohne
68%
Ich verloren Verdammt geht Verlieben glücklich doch dich
66%
einer und verloren die Anderen Verlieben glücklich doch
66%
Tiefpunkt Verdammt frei mehr verzeihn ich was ist
66%
mir glücklich doch es ich hatte ohne spät
66%
nahmst ich hatte Herz war ich aber zu
66%
Du war Ich Mein Verdammt frei zählt es
65%
in Anderen Verlieben Hab nen spät ich hatte
65%
meinen vezeihn ich nichts vergessen bin alles jetzt
65%
war schaut Verdammt mir Herz verzeihn ich was
65%
die traurig war In schaut Verdammt frei zählt
63%
hatte vergessen bin gar verloren Verdammt alles leben
61%
Stunde zu ich meinem traurig war ich aber
52%
Keine übereinstimmenden Quizze gefunden
Verteilung der Resultate
Anzahl Personen mit jedem Resultat
Perzentil nach korrekt beantworteten Fragen
Ihre Resultats-Entwicklung
Sie haben dieses Quiz noch nicht gespielt